Du ciel

Salvato in:
Dettagli Bibliografici
Autore principale: Aristóteles, 384 a.C.- 322 a.C (Autore)
Natura: Libro
Lingua:francese
Pubblicazione: París Société d'édition Les belles lettres 1965
Serie:Collection des Universités de France
Soggetti:
Tags: Aggiungi Tag
Nessun Tag, puoi essere il primo ad aggiungerne!!

MARC

LEADER 00000nam a2200000 a 4500
001 UCW0120
003 CL-VaPUC
008 890807e19650000FR |||||||||||||||||fre|d
082 0 4 |a 185  |b ARI  |2 21 
100 |a Aristóteles,  |d 384 a.C.- 322 a.C.  |e author  |9 194 
245 1 0 |a Du ciel 
300 |a 165 p 
942 |c BK 
945 |d 19890807 00:00:00 
260 |a París  |b Société d'édition Les belles lettres  |c 1965 
600 0 |a Aristóteles,  |d 384 a.C.- 322 a.C.  |9 194 
650 0 |a Filosofía antigua   |9 255705 
583 |a last modification  |c 19890807 00:00:00  |k Rodrigo Vera 
490 0 |a Collection des Universités de France 
999 |c 215359  |d 215357 
952 |0 0  |1 0  |4 0  |6 185_000000000000000_ARI_1965  |7 0  |8 X  |9 199595  |a BIBART  |b BIBART  |d 2019-11-14  |i 2668483  |o 185 ARI 1965  |p 2668483  |r 2025-03-13  |w 2019-11-14  |y BK_X  |k ART 
952 |0 0  |1 0  |4 0  |6 185_000000000000000_ARI_1965  |7 0  |8 P  |9 199596  |a BIBEDU  |b BIBEDU  |c BIBEDU_PB  |d 2019-11-14  |i 1509977  |o 185 ARI 1965  |p 1509977  |r 2024-01-25  |w 2019-11-14  |y BK  |k FIL